At office English-French - Statistiques

Statistiques générales
  • Ce quiz a été pris 11 fois
  • Le résultat moyen est 3 sur 20
Statistiques - réponses
Hint Réponse % Correct
to cancel annuler
100%
data données
100%
an intern un stagiaire
100%
to update mettre à jour
75%
to dismiss / fire renvoyer
67%
a desk un bureau
67%
to load charger / chargement
50%
to carry out effectuer
50%
to launch lancer
50%
bid offre
50%
to take on embaucher
33%
the head le chef
33%
a software logiciel
33%
retirement retraite
33%
an income revenue
33%
supplies fournitures
20%
to complete achever
0%
staple agrafe
0%
directory annuaire
0%
entitled to ayant droit à
0%
the turnover chiffre d’affaires
0%
to dial composer (numéro)
0%
to unload décharger / déchargement
0%
corporate d’entreprise
0%
to delete effacer
0%
to wrap emballer
0%
in bold en gras
0%
survey enquête
0%
overdue en retard
0%
shipment envoi / expédition
0%
the stationary fournitures de bureau
0%
earnings gains
0%
IT informatique
0%
attached joint
0%
the reception la réception
0%
a receiver le combiné téléphonique
0%
a board le conseil (administration)
0%
a record les archives
0%
expenditures les dépenses
0%
the guidelines les instructions
0%
vacant libre / à pourvoir
0%
handling manutention
0%
assignement mission
0%
agenda ordre du jour
0%
a briefcase porte-documents
0%
a flyer prospectus
0%
a skill qualification
0%
to pick up ramasser / aller chercher
0%
wage salaire
0%
store stocker
0%
a drawer tiroir
0%
data processing traitement de données
0%
to process traiter
0%
to forward transmettre
0%
a draft un brouillon
0%
executive un cadre
0%
a binder un classeur
0%
file un classeur
0%
competitor un concurrent
0%
a leave un congé
0%
a folder une chemise
0%
a deadline une date limite
0%
an incentive une motivation /prime
0%
a takeover bid une OPA
0%
a booklet un fascicule
0%
a form un formulaire
0%
a chart un graphique
0%
a CEO un PDG
0%
a position un poste (occupé)
0%
a notice un préavis
0%
department un service
0%
survey un sondage
0%
a commercial un spot publicitaire
0%
a fan ventilateur
0%
Aucun quiz correspondant
Distribution des résultats
% des personnes avec chaque résultat
Percentile par nombre de réponses
Votre historique - résultats
Vous n’avez pas pris ce quiz